Normal view
MARC view
- Chandiw, Javed
Entry Personal Name
001 - CONTROL NUMBER
- control field: 16360
003 - CONTROL NUMBER IDENTIFIER
- control field: NUST
005 - DATE AND TIME OF LATEST TRANSACTION
- control field: 20190702074407.0
008 - FIXED-LENGTH DATA ELEMENTS
- fixed length control field: 190702|| aca||aabn | a|a d
040 ## - CATALOGING SOURCE
- Original cataloging agency: NUST
- Transcribing agency: NUST
100 ## - HEADING--PERSONAL NAME
- Personal name: Chandiw, Javed
670 ## - SOURCE DATA FOUND
- Source citation: Work cat.: (NUST): Chandiw, Javed, Diwan Fred /, 1998.
